000 00288nam a22001217a 4500
040 _cSY
082 _a181
100 _aនុត សាឡន
245 _aវិធីសាស្រ្តស្រាវជ្រាវ
260 _aRUA
_bនុត
_c2011
300 _a47p.
942 _cKB
999 _c9978
_d9978